|
|
|
|
| LEADER |
01545nam a2200433Ia 4500 |
| 001 |
EBC1138242 |
| 003 |
MiAaPQ |
| 005 |
20200520144314.0 |
| 006 |
m o d | |
| 007 |
cr cn||||||||| |
| 008 |
110609s2012 enkab sb 001 0 eng d |
| 020 |
|
|
|z 0415672368
|
| 020 |
|
|
|z 0415672589
|
| 020 |
|
|
|z 9780415672368
|
| 020 |
|
|
|z 9780415672580
|
| 020 |
|
|
|z 9781136598708
|
| 035 |
|
|
|a (MiAaPQ)EBC1138242
|
| 035 |
|
|
|a (Au-PeEL)EBL1138242
|
| 035 |
|
|
|a (CaPaEBR)ebr10542360
|
| 035 |
|
|
|a (CaONFJC)MIL760886
|
| 035 |
|
|
|a (OCoLC)869640136
|
| 040 |
|
|
|a MiAaPQ
|c MiAaPQ
|d MiAaPQ
|
| 050 |
|
4 |
|a G155.A1
|b P7558 2012
|
| 082 |
0 |
4 |
|a 338.4/791
|2 23
|
| 245 |
0 |
4 |
|a The problem of pleasure
|h [electronic resource] :
|b leisure, tourism and crime /
|c edited by Carol Jones, Elaine Barclay and R.I. Mawby.
|
| 260 |
|
|
|a Abingdon, Oxon ;
|a New York :
|b Routledge,
|c 2012.
|
| 300 |
|
|
|a xiii, 247 p. :
|b ill., maps.
|
| 504 |
|
|
|a Includes bibliographical references and index.
|
| 533 |
|
|
|a Electronic reproduction. Ann Arbor, MI : ProQuest, 2015. Available via World Wide Web. Access may be limited to ProQuest affiliated libraries.
|
| 650 |
|
0 |
|a Tourism
|x Social aspects.
|
| 650 |
|
0 |
|a Leisure
|x Economic aspects.
|
| 650 |
|
0 |
|a Crime
|x Economic aspects.
|
| 650 |
|
0 |
|a Crime and globalization.
|
| 655 |
|
4 |
|a Electronic books.
|
| 700 |
1 |
|
|a Jones, Carol.
|
| 700 |
1 |
|
|a Barclay, Elaine.
|
| 700 |
1 |
|
|a Mawby, Rob I.
|
| 710 |
2 |
|
|a ProQuest (Firm)
|
| 856 |
4 |
0 |
|u https://ebookcentral.proquest.com/lib/matrademy/detail.action?docID=1138242
|z Click to View
|